Správa k návrhu Štátneho rozpočtu Slovenskej republiky na rok 1999

Základné ciele rozpočtovej politiky SR na rok 1999. Charakteristika vývoja ekonomiky SR v roku 1998. Makroekonomické rámce návrhu rozpočtu. Predpokladané príjmy a výdavky štátneho rozpočtu. Rezervy štátneho rozpočtu a použitie výnosov z lotérií. Parametre schodku rozpočtového hospodárenia. Podiely n...

Ausführliche Beschreibung

Gespeichert in:
Bibliographische Detailangaben
Format: Buchkapitel
Sprache:Slowakisch
Schlagworte:
Tags: Tag hinzufügen
Keine Tags, Fügen Sie das erste Tag hinzu!

MARC

LEADER 00000naa a2200000 4500
001 r034339
005 20230824100302.9
041 0 |a slo 
044 |a SK 
245 1 0 |a Správa k návrhu Štátneho rozpočtu Slovenskej republiky na rok 1999 
520 |a Základné ciele rozpočtovej politiky SR na rok 1999. Charakteristika vývoja ekonomiky SR v roku 1998. Makroekonomické rámce návrhu rozpočtu. Predpokladané príjmy a výdavky štátneho rozpočtu. Rezervy štátneho rozpočtu a použitie výnosov z lotérií. Parametre schodku rozpočtového hospodárenia. Podiely na výnosoch republikových daní. Rozpočtové dotácie obciam a verejnoprávnym inštitúciám. Zdravotné poistenie. Rozpočet Sociálnej poisťovne na rok 1999. 
610 2 0 |a rozpočet štátny 
610 2 0 |a Slovensko 
610 2 0 |a 1999 
610 2 0 |a makroekonomika 
610 2 0 |a príjmy rozpočtu štátneho 
610 2 0 |a výdavky rozpočtu štátneho 
610 2 0 |a rezervy štátne 
610 2 0 |a deficit rozpočtový 
610 2 0 |a inštitúcie verejnoprávne 
610 2 0 |a poistenie zdravotné 
610 2 0 |a poistenie sociálne 
610 2 0 |a politika fiškálna 
610 2 0 |a politika rozpočtová 
610 2 0 |a výnosy